Los Retos políticos de la reforma económica en Costa Rica /
Gespeichert in:
| 1. Verfasser: | |
|---|---|
| Körperschaften: | , |
| Weitere Verfasser: | |
| Format: | Text |
| Veröffentlicht: |
San José:
Academia de Centroamérica
|
| Schlagworte: | |
| Tags: |
Tag hinzufügen
Keine Tags, Fügen Sie den ersten Tag hinzu!
|
MARC
| LEADER | 00000 a a2200000 04500 | ||
|---|---|---|---|
| 001 | 26320 | ||
| 003 | |||
| 040 | |||
| 020 | |a 99-77-034-9 | ||
| 090 | |a 148103 | ||
| 100 | |a Jiménez, Ronulfo | ||
| 110 | |a Academia de Centroamérica | ||
| 245 | |a Los Retos políticos de la reforma económica en Costa Rica / |c Academia de Centroamérica | ||
| 260 | |a San José: |b Academia de Centroamérica | ||
| 300 | |a 330 p |b **no definido** |b fonodiscos | ||
| 650 | |a COMERCIO EXTERIOR | ||
| 650 | |a POLITICA COMERCIAL | ||
| 650 | |a PROMOCION DE LAS EXPORTACIONES | ||
| 650 | |a IMPORTACIONES | ||
| 650 | |a POLITICA ARANCELARIA | ||
| 650 | |a LIBRE COMERCIO | ||
| 700 | |a ed. | ||
| 710 | |a Centro de Investigaciones y Adiestramiento Político Administrativo |a CIAPA |a Coalición Costarricense de Iniciativas de Desarrollo |a CINDE | ||
| 999 | |c 14942 |d 14942 | ||
